<?xml version="1.0" encoding="UTF-8"?>
<record
    xmlns:xsi="http://www.w3.org/2001/XMLSchema-instance"
    xsi:schemaLocation="http://www.loc.gov/MARC21/slim http://www.loc.gov/standards/marcxml/schema/MARC21slim.xsd"
    xmlns="http://www.loc.gov/MARC21/slim">

  <leader>01999nam a22003137a 4500</leader>
  <controlfield tag="001">8919</controlfield>
  <controlfield tag="003">FISKH</controlfield>
  <controlfield tag="005">20251031143209.0</controlfield>
  <controlfield tag="008">251031b        cb ||||| |||| 00| 0 eng d</controlfield>
  <datafield tag="020" ind1=" " ind2=" ">
    <subfield code="a">9789996301254</subfield>
  </datafield>
  <datafield tag="040" ind1=" " ind2=" ">
    <subfield code="a">FISKH</subfield>
    <subfield code="b">khr</subfield>
    <subfield code="c">FISKH</subfield>
    <subfield code="d">FISKH</subfield>
  </datafield>
  <datafield tag="050" ind1=" " ind2=" ">
    <subfield code="a">PZ7 </subfield>
  </datafield>
  <datafield tag="082" ind1=" " ind2=" ">
    <subfield code="a">398.2</subfield>
  </datafield>
  <datafield tag="100" ind1=" " ind2=" ">
    <subfield code="a">Seab, Kol</subfield>
  </datafield>
  <datafield tag="245" ind1=" " ind2=" ">
    <subfield code="a">&#x1780;&#x17BB;&#x1798;&#x17B6;&#x179A;&#x179F;&#x1794;&#x17D2;&#x1794;&#x17BB;&#x179A;&#x179F; : </subfield>
    <subfield code="b">Generous child / </subfield>
    <subfield code="c">&#x1793;&#x17B7;&#x1796;&#x1793;&#x17D2;&#x1792;&#x178A;&#x17C4;&#x1799; &#x17A2;&#x17D2;&#x1793;&#x1780;&#x179F;&#x17D2;&#x179A;&#x17B8; &#x1780;&#x17BB;&#x179B; &#x179F;&#x17C0;&#x1794; , &#x1780;&#x17C2;&#x179F;&#x1798;&#x17D2;&#x179A;&#x17BD;&#x179B;&#x178A;&#x17C4;&#x1799; &#x17A2;&#x17D2;&#x1793;&#x1780;&#x179F;&#x17D2;&#x179A;&#x17B8; &#x1782;&#x17B9;&#x1798;&#x179F;&#x17CA;&#x17BB;&#x1793; &#x179F;&#x17BB;&#x1792;&#x17B6;&#x179A;&#x17B8; </subfield>
  </datafield>
  <datafield tag="260" ind1=" " ind2=" ">
    <subfield code="a">&#x1797;&#x17D2;&#x1793;&#x17C6;&#x1796;&#x17C1;&#x1789; :</subfield>
    <subfield code="b">Reading Books , </subfield>
    <subfield code="c">2010.</subfield>
  </datafield>
  <datafield tag="300" ind1=" " ind2=" ">
    <subfield code="a">20 pages : </subfield>
    <subfield code="b">color illustrations ;</subfield>
    <subfield code="c">25 cm . </subfield>
  </datafield>
  <datafield tag="490" ind1=" " ind2=" ">
    <subfield code="a">&#x1796;&#x17B7;&#x1797;&#x1796;&#x179A;&#x17BF;&#x1784;&#x1793;&#x17B7;&#x1791;&#x17B6;&#x1793;</subfield>
  </datafield>
  <datafield tag="505" ind1=" " ind2=" ">
    <subfield code="a">K 
</subfield>
  </datafield>
  <datafield tag="520" ind1=" " ind2=" ">
    <subfield code="a">&#x179A;&#x17BF;&#x1784;&#x1793;&#x17C1;&#x17C7;&#x1798;&#x17B6;&#x1793;&#x1794;&#x17C6;&#x1793;&#x1784;&#x17A2;&#x1794;&#x17CB;&#x179A;&#x17C6;&#x1794;&#x17D2;&#x17A2;&#x17BC;&#x1793;&#x17D7;&#x1780;&#x17BB;&#x1798;&#x17B6;&#x179A;&#x17A2;&#x17C4;&#x1799;&#x1798;&#x17B6;&#x1793;&#x17A2;&#x17B6;&#x1780;&#x1794;&#x17D2;&#x1794;&#x1780;&#x17B7;&#x179A;&#x17B7;&#x1799;&#x17B6;&#x179B;&#x17D2;&#x17A2; &#x1785;&#x17C1;&#x17C7;&#x1782;&#x17C4;&#x179A;&#x1796;&#x17A2;&#x17D2;&#x1793;&#x1780;&#x178A;&#x1791;&#x17C3; &#x1798;&#x17B7;&#x1793;&#x1798;&#x17B6;&#x1793;&#x1785;&#x17B7;&#x178F;&#x17D2;&#x178F;&#x1798;&#x17BE;&#x179B;&#x1784;&#x17B6;&#x1799;&#x1798;&#x17BE;&#x179B;&#x1790;&#x17C4;&#x1780;&#x1785;&#x17C6;&#x1796;&#x17C4;&#x17C7;&#x17A2;&#x17D2;&#x1793;&#x1780;&#x178A;&#x17C2;&#x179B;&#x1791;&#x1793;&#x17CB;&#x1781;&#x17D2;&#x179F;&#x17C4;&#x1799;&#x1787;&#x17B6;&#x1784;&#x1781;&#x17D2;&#x179B;&#x17BD;&#x1793; &#x17D4;&#x200B; &#x179B;&#x17BE;&#x179F;&#x1796;&#x17B8;&#x1793;&#x17C1;&#x17C7;&#x1791;&#x17C5;&#x1791;&#x17C0;&#x178F; &#x1785;&#x1784;&#x17CB;&#x17A2;&#x17C4;&#x1799;&#x1794;&#x17D2;&#x17A2;&#x17BC;&#x1793;&#x17D7;&#x1785;&#x17C1;&#x17C7;&#x1785;&#x17C2;&#x1780;&#x179A;&#x17C6;&#x179B;&#x17C2;&#x1780;&#x178A;&#x179B;&#x17CB;&#x17A2;&#x17D2;&#x1793;&#x1780;&#x1780;&#x17D2;&#x179A;&#x17B8;&#x1780;&#x17D2;&#x179A;&#x178A;&#x17B6;&#x1785;&#x17CB;&#x179F;&#x1784;&#x17D2;&#x179C;&#x17C2;&#x1784;&#x178A;&#x17C4;&#x1799;&#x1785;&#x17B7;&#x178F;&#x17D2;&#x178F;&#x1798;&#x17C1;&#x178F;&#x17D2;&#x178F;&#x17B6;&#x1792;&#x1798;&#x17CF; &#x17D4; </subfield>
  </datafield>
  <datafield tag="520" ind1=" " ind2=" ">
    <subfield code="a">This story aims to educate children to have good behavior, to show respect toward others, and not to look down on or underestimate those who are weaker than themselves. Moreover, it encourages children to learn to share with the poor and those in need, guided by kindness and compassion.</subfield>
  </datafield>
  <datafield tag="521" ind1="8" ind2=" ">
    <subfield code="a">510 
</subfield>
    <subfield code="b">Lexile estimate 
</subfield>
  </datafield>
  <datafield tag="521" ind1="8" ind2=" ">
    <subfield code="a">K 
</subfield>
    <subfield code="b">Raz-Plus 
</subfield>
  </datafield>
  <datafield tag="650" ind1=" " ind2=" ">
    <subfield code="a">&#x1780;&#x17BB;&#x1798;&#x17B6;&#x179A;&#x179F;&#x1794;&#x17D2;&#x1794;&#x17BB;&#x179A;&#x179F;</subfield>
    <subfield code="v">&#x179A;&#x17BF;&#x1784;&#x1793;&#x17B7;&#x1791;&#x17B6;&#x1793;&#x1780;&#x17BB;&#x1798;&#x17B6;&#x179A;&#x200B;</subfield>
  </datafield>
  <datafield tag="650" ind1=" " ind2=" ">
    <subfield code="a">Generous child</subfield>
    <subfield code="v">Children's Stories </subfield>
  </datafield>
  <datafield tag="700" ind1=" " ind2=" ">
    <subfield code="a">Bunthorn, Theak </subfield>
    <subfield code="e">Illustrator </subfield>
  </datafield>
  <datafield tag="942" ind1=" " ind2=" ">
    <subfield code="2">ddc</subfield>
    <subfield code="c">KHB</subfield>
    <subfield code="n">0</subfield>
  </datafield>
  <datafield tag="999" ind1=" " ind2=" ">
    <subfield code="c">8919</subfield>
    <subfield code="d">8919</subfield>
  </datafield>
  <datafield tag="952" ind1=" " ind2=" ">
    <subfield code="0">0</subfield>
    <subfield code="1">0</subfield>
    <subfield code="2">ddc</subfield>
    <subfield code="4">0</subfield>
    <subfield code="7">0</subfield>
    <subfield code="8">Khmer-English Bilingual </subfield>
    <subfield code="a">002</subfield>
    <subfield code="b">002</subfield>
    <subfield code="c">TTP Khmer</subfield>
    <subfield code="d">2025-10-24</subfield>
    <subfield code="l">0</subfield>
    <subfield code="o">SEA PZ7 398.2 </subfield>
    <subfield code="p">FISBK03832</subfield>
    <subfield code="r">2025-10-31 14:32:05</subfield>
    <subfield code="t">1</subfield>
    <subfield code="w">2025-10-31</subfield>
    <subfield code="y">KHB</subfield>
  </datafield>
  <datafield tag="952" ind1=" " ind2=" ">
    <subfield code="0">0</subfield>
    <subfield code="1">0</subfield>
    <subfield code="2">ddc</subfield>
    <subfield code="4">0</subfield>
    <subfield code="7">0</subfield>
    <subfield code="8">Khmer-English Bilingual </subfield>
    <subfield code="a">002</subfield>
    <subfield code="b">002</subfield>
    <subfield code="c">TTP Khmer</subfield>
    <subfield code="d">2025-11-11</subfield>
    <subfield code="l">0</subfield>
    <subfield code="o">SEA PZ7 398.2 </subfield>
    <subfield code="p">FISBK04092</subfield>
    <subfield code="r">2025-11-11 14:22:01</subfield>
    <subfield code="t">2</subfield>
    <subfield code="w">2025-11-11</subfield>
    <subfield code="y">KHB</subfield>
  </datafield>
  <datafield tag="952" ind1=" " ind2=" ">
    <subfield code="0">0</subfield>
    <subfield code="1">0</subfield>
    <subfield code="2">ddc</subfield>
    <subfield code="4">0</subfield>
    <subfield code="7">0</subfield>
    <subfield code="8">Khmer-English Bilingual </subfield>
    <subfield code="a">002</subfield>
    <subfield code="b">002</subfield>
    <subfield code="c">TTP Khmer</subfield>
    <subfield code="d">2025-12-12</subfield>
    <subfield code="l">0</subfield>
    <subfield code="o">SEA PZ7 398.2 </subfield>
    <subfield code="p">FISBK03757</subfield>
    <subfield code="r">2025-12-12 10:58:41</subfield>
    <subfield code="t">3</subfield>
    <subfield code="w">2025-12-12</subfield>
    <subfield code="y">KHB</subfield>
  </datafield>
  <datafield tag="952" ind1=" " ind2=" ">
    <subfield code="0">0</subfield>
    <subfield code="1">0</subfield>
    <subfield code="2">ddc</subfield>
    <subfield code="4">0</subfield>
    <subfield code="7">0</subfield>
    <subfield code="8">Khmer-English Bilingual </subfield>
    <subfield code="a">002</subfield>
    <subfield code="b">002</subfield>
    <subfield code="c">TTP Khmer</subfield>
    <subfield code="d">2026-04-22</subfield>
    <subfield code="l">0</subfield>
    <subfield code="o">SEA PZ7 398.2 </subfield>
    <subfield code="p">2026-0518</subfield>
    <subfield code="r">2026-04-22 10:37:01</subfield>
    <subfield code="t">4</subfield>
    <subfield code="w">2026-04-22</subfield>
    <subfield code="y">KHB</subfield>
  </datafield>
</record>
